Phương pháp dạy học bộ môn công tác đội
Enregistré dans:
| Auteur principal: | |
|---|---|
| Autres auteurs: | |
| Format: | Livre |
| Langue: | Undetermined |
| Publié: |
H.
ĐHSP
2005
|
| Sujets: | |
| Accès en ligne: | http://lrc.tdmu.edu.vn/opac/search/detail.asp?aID=2&ID=5488 |
| Tags: |
Ajouter un tag
Pas de tags, Soyez le premier à ajouter un tag!
|
| Thư viện lưu trữ: | Trung tâm Học liệu Trường Đại học Thủ Dầu Một |
|---|
| LEADER | 00704nam a2200205Ia 4500 | ||
|---|---|---|---|
| 001 | TDMU_5488 | ||
| 008 | 210410s9999 xx 000 0 und d | ||
| 082 | |a 371.8 | ||
| 090 | |b B510 | ||
| 100 | |a Bùi, Sĩ Tụng | ||
| 245 | 0 | |a Phương pháp dạy học bộ môn công tác đội | |
| 245 | 0 | |c Bùi Sĩ Tụng | |
| 260 | |a H. | ||
| 260 | |b ĐHSP | ||
| 260 | |c 2005 | ||
| 300 | |a 198tr. | ||
| 650 | |a Công tác đội |x Dạy và học; Phương pháp giảng dạy |x Công tác đoàn đội | ||
| 700 | |a Phan, Nguyên Thái | ||
| 856 | |u http://lrc.tdmu.edu.vn/opac/search/detail.asp?aID=2&ID=5488 | ||
| 980 | |a Trung tâm Học liệu Trường Đại học Thủ Dầu Một | ||